000 00595nam a2200217Ia 4500
005 20241129115820.0
008 241129s9999||||xx |||||||||||||| ||und||
020 _a9781639892013
037 _aTB
040 _aSDCL
_beng
_cSDCL
041 _aeng
_2eng
084 _aX:8F, R2
_qSDCL
100 _aCollins Jake
_9724905
245 0 _aFinancial accounting : An introduction
260 _aNew York
_bState Academic Press
_c2022
300 _aviii,235p.
365 _aUSD
_b156
650 _aBusiness Economics and Finance
942 _cTB
_hX:8F, R2
999 _c1232137
_d1232137